| 000 | 01114 a2200241 4500 | ||
|---|---|---|---|
| 003 | UA-OsUOA | ||
| 005 | 20260629155037.0 | ||
| 008 | 260622b un ||||| |||| 00| 0 ukr d | ||
| 020 | _a96675475 | ||
| 040 |
_bukr _cUA-OsUOA |
||
| 041 | _aukr | ||
| 080 | _a929 | ||
| 090 |
_a929 _bШ37 |
||
| 110 |
_aМіністерство культури і мистецтв України _bНаціональна Парламентська бібліотека України _bІнститут літератури ім. Т. Шевченка НАН України _925633 |
||
| 245 |
_aВалерій Шевчук: "Мав дерзновення бути самим собою" _bбіобібліографічний нарис _cЛ. Б. Тарнашинська |
||
| 260 |
_aК. _bНПБУ _c2002 |
||
| 300 | _a112 с. | ||
| 650 |
_a929 Біографічні дослідження _91571 |
||
| 700 | 1 |
_aТарнашинська Л. Б. _925634 |
|
| 942 |
_cBK _2udc |
||
| 955 | _a1 | ||
| 999 |
_c580916 _d580916 |
||